Top 15 Countries with Covid-19 Cases - 29 June - Statistics

General Stats
  • This quiz has been taken 33 times
  • The average score is 14 of 25
Answer Stats
country % Correct
United Kingdom
100%
United States
100%
Germany
90%
India
87%
Mexico
87%
Spain
81%
Brazil
77%
Italy
77%
Russia
77%
Iran
71%
Sweden
55%
Pakistan
52%
Peru
52%
Turkey
48%
Chile
45%
Chile
45%
Saudi Arabia
45%
Qatar
35%
Bahrain
32%
Kuwait
32%
Singapore
26%
Belarus
19%
Oman
19%
Armenia
13%
Panama
13%
No matching quizzes found
Score Distribution
Percent of People with Each Score
Percentile by Number Answered
Your Score History
You have not taken this quiz